000
00272nam a2200097Ia 4500
082
_a
642. 6 DAHM
245
0
_a
Restaurant service basics
100
_a
DAHMER, Sondra J. Hoboken, NJ, 2009 2nd ed
_9
84806
942
_c
BK
008
210817s9999 xx 000 0 und d
999
_c
313223
_d
313222